[Event "DVM U16w 2023"]
[Site "Magdeburg GER"]
[Date "2023.12.28"]
[Round "3"]
[White "Wartenberg, Alissa"]
[Black "Moldovan, Tatiana"]
[Result "0-1"]
[Termination "normal"]
[Board "3.1"]
[WhiteElo "1721"]
[BlackElo "1590"]
[WhiteClock "00:12:38"]
[BlackClock "00:03:43"]
[WhiteTeam "Hamburger SK 1830"]
[BlackTeam "SG Königskinder Hohentübingen"]
[PlyCount "65"]
[WhiteFideId "16280741"]
[BlackFideId "16287398"]
[EventCountry "GER"]
[EventRounds "7"]
[EventType "team-swiss"]
[EventDate "2023.12.26"]

1. e4 {[%clk 01:30:57]} {[%emt 00:00:03]} c5 {[%clk 01:30:51]} {[%emt
00:00:10]} 2. Nf3 {[%clk 01:31:22]} {[%emt 00:00:05]} a6 {[%clk 01:31:15]}
{[%emt 00:00:05]} 3. c3 {[%clk 01:31:48]} {[%emt 00:00:05]} d5 {[%clk
01:31:40]} {[%emt 00:00:05]} 4. exd5 {[%clk 01:32:12]} {[%emt 00:00:06]} Qxd5
{[%clk 01:32:04]} {[%emt 00:00:06]} 5. d4 {[%clk 01:32:25]} {[%emt 00:00:17]}
e6 {[%clk 01:32:21]} {[%emt 00:00:12]} 6. Be3 {[%clk 01:32:33]} {[%emt
00:00:23]} cxd4 {[%clk 01:31:50]} {[%emt 00:01:01]} 7. cxd4 {[%clk 01:32:53]}
{[%emt 00:00:10]} Nc6 {[%clk 01:31:06]} {[%emt 00:01:14]} 8. Nc3 {[%clk
01:33:06]} {[%emt 00:00:17]} Qd7 {[%clk 01:30:27]} {[%emt 00:01:08]} 9. a3
{[%clk 01:33:05]} {[%emt 00:00:32]} Nf6 {[%clk 01:28:51]} {[%emt 00:02:07]} 10.
Bd3 {[%clk 01:32:58]} {[%emt 00:00:36]} Bd6 {[%clk 01:27:05]} {[%emt 00:02:15]}
11. Rc1 {[%clk 01:30:44]} {[%emt 00:02:45]} b5 {[%clk 01:16:03]} {[%emt
00:11:32]} 12. O-O {[%clk 01:24:22]} {[%emt 00:06:51]} Bb7 {[%clk 01:15:13]}
{[%emt 00:01:20]} 13. Bb1 {[%clk 01:23:00]} {[%emt 00:01:52]} Rc8 {[%clk
01:12:54]} {[%emt 00:02:49]} 14. Re1 {[%clk 01:22:35]} {[%emt 00:00:56]} Ne7
{[%clk 01:10:41]} {[%emt 00:02:42]} 15. Bg5 {[%clk 01:13:39]} {[%emt 00:09:26]}
h6 {[%clk 01:01:41]} {[%emt 00:09:31]} 16. Be3 {[%clk 01:08:10]} {[%emt
00:05:58]} Bb8 {[%clk 00:57:19]} {[%emt 00:04:51]} 17. Ba2 {[%clk 01:02:17]}
{[%emt 00:06:25]} Ng4 {[%clk 00:50:09]} {[%emt 00:07:40]} 18. h3 {[%clk
00:53:40]} {[%emt 00:09:07]} Nxe3 {[%clk 00:49:36]} {[%emt 00:01:02]} 19. fxe3
{[%clk 00:53:54]} {[%emt 00:00:16]} Bg3 {[%clk 00:49:55]} {[%emt 00:00:10]} 20.
Rf1 {[%clk 00:54:01]} {[%emt 00:00:24]} O-O {[%clk 00:44:16]} {[%emt 00:06:10]}
21. Qd3 {[%clk 00:53:01]} {[%emt 00:01:30]} Nd5 {[%clk 00:32:22]} {[%emt
00:12:24]} 22. Ne4 {[%clk 00:50:20]} {[%emt 00:03:09]} Bd6 {[%clk 00:26:08]}
{[%emt 00:06:45]} 23. Nxd6 {[%clk 00:29:21]} {[%emt 00:21:30]} Qxd6 {[%clk
00:26:19]} {[%emt 00:00:17]} 24. e4 {[%clk 00:27:08]} {[%emt 00:02:44]} Nf4
{[%clk 00:24:48]} {[%emt 00:02:01]} 25. Qe3 {[%clk 00:22:14]} {[%emt 00:05:23]}
Ng6 {[%clk 00:16:17]} {[%emt 00:09:02]} 26. e5 {[%clk 00:22:20]} {[%emt
00:00:25]} Qd7 {[%clk 00:16:02]} {[%emt 00:00:43]} 27. Rcd1 {[%clk 00:20:10]}
{[%emt 00:02:41]} Rc2 {[%clk 00:11:15]} {[%emt 00:05:17]} 28. Bb1 {[%clk
00:20:08]} {[%emt 00:00:32]} Rc4 {[%clk 00:10:56]} {[%emt 00:00:49]} 29. b3
{[%clk 00:18:43]} {[%emt 00:01:56]} Rc7 {[%clk 00:11:09]} {[%emt 00:00:17]} 30.
Qd3 {[%clk 00:19:00]} {[%emt 00:00:13]} Rfc8 {[%clk 00:09:59]} {[%emt
00:01:39]} 31. Nh2 {[%clk 00:13:20]} {[%emt 00:06:10]} Rc3 {[%clk 00:03:53]}
{[%emt 00:06:37]} 32. Qd2 {[%clk 00:13:14]} {[%emt 00:00:35]} Rg3 {[%clk
00:03:43]} {[%emt 00:00:41]} 33. Rf2 {[%clk 00:12:38]} {[%emt 00:01:05]} *

[Event "DVM U16w 2023"]
[Site "Magdeburg GER"]
[Date "2023.12.28"]
[Round "3"]
[White "Moldovan, Stela"]
[Black "Modali, Nikhilamrutha"]
[Result "1/2-1/2"]
[Termination "normal"]
[Board "3.2"]
[WhiteElo "1573"]
[BlackElo "1281"]
[WhiteClock "00:42:04"]
[BlackClock "00:15:53"]
[WhiteTeam "SG Königskinder Hohentübingen"]
[BlackTeam "Hamburger SK 1830"]
[PlyCount "44"]
[WhiteFideId "16287380"]
[BlackFideId "16282370"]
[EventCountry "GER"]
[EventRounds "7"]
[EventType "team-swiss"]
[EventDate "2023.12.26"]

1. d4 {[%clk 01:30:51]} {[%emt 00:00:09]} c5 {[%clk 01:30:43]} {[%emt
00:00:18]} 2. e3 {[%clk 01:30:23]} {[%emt 00:00:57]} cxd4 {[%clk 01:31:08]}
{[%emt 00:00:06]} 3. exd4 {[%clk 01:30:42]} {[%emt 00:00:11]} Nf6 {[%clk
01:31:33]} {[%emt 00:00:05]} 4. Nf3 {[%clk 01:31:05]} {[%emt 00:00:07]} g6
{[%clk 01:31:14]} {[%emt 00:00:48]} 5. Bf4 {[%clk 01:30:35]} {[%emt 00:01:00]}
Bg7 {[%clk 01:31:11]} {[%emt 00:00:34]} 6. c3 {[%clk 01:30:03]} {[%emt
00:01:01]} d6 {[%clk 01:28:34]} {[%emt 00:03:08]} 7. Bd3 {[%clk 01:28:06]}
{[%emt 00:02:27]} O-O {[%clk 01:25:22]} {[%emt 00:03:42]} 8. Qc1 {[%clk
01:24:27]} {[%emt 00:04:09]} Re8 {[%clk 01:24:22]} {[%emt 00:01:30]} 9. Bb5
{[%clk 01:23:16]} {[%emt 00:01:41]} Bd7 {[%clk 01:14:08]} {[%emt 00:10:44]} 10.
Bxd7 {[%clk 01:20:41]} {[%emt 00:03:05]} Nbxd7 {[%clk 01:14:30]} {[%emt
00:00:08]} 11. O-O {[%clk 01:19:50]} {[%emt 00:01:21]} e5 {[%clk 01:07:24]}
{[%emt 00:07:35]} 12. dxe5 {[%clk 01:17:45]} {[%emt 00:02:35]} dxe5 {[%clk
01:07:32]} {[%emt 00:00:22]} 13. Bh6 {[%clk 01:17:58]} {[%emt 00:00:17]} Bh8
{[%clk 00:56:29]} {[%emt 00:11:33]} 14. h3 {[%clk 01:15:08]} {[%emt 00:03:20]}
Qc7 {[%clk 00:42:34]} {[%emt 00:14:26]} 15. Nbd2 {[%clk 01:11:22]} {[%emt
00:04:15]} Nh5 {[%clk 00:36:23]} {[%emt 00:06:41]} 16. Ne4 {[%clk 01:04:00]}
{[%emt 00:07:52]} Nf4 {[%clk 00:25:04]} {[%emt 00:11:49]} 17. Qe3 {[%clk
00:55:54]} {[%emt 00:08:34]} Nf6 {[%clk 00:23:13]} {[%emt 00:02:23]} 18. Rad1
{[%clk 00:43:55]} {[%emt 00:12:28]} N6d5 {[%clk 00:19:42]} {[%emt 00:04:02]}
19. Qc5 {[%clk 00:42:28]} {[%emt 00:01:52]} Qxc5 {[%clk 00:17:15]} {[%emt
00:03:03]} 20. Nxc5 {[%clk 00:42:30]} {[%emt 00:00:27]} b6 {[%clk 00:17:23]}
{[%emt 00:00:23]} 21. Nd3 {[%clk 00:42:17]} {[%emt 00:00:43]} Ne2+ {[%clk
00:15:53]} {[%emt 00:02:00]} 22. Kh1 {[%clk 00:42:04]} {[%emt 00:00:42]} e4
{[%emt 00:05:23]} 1/2-1/2

[Event "DVM U16w 2023"]
[Site "Magdeburg GER"]
[Date "2023.12.28"]
[Round "3"]
[White "Krasikova, Milana"]
[Black "Agalykova, Angelina"]
[Result "0-1"]
[Termination "normal"]
[Board "3.3"]
[WhiteElo "1290"]
[BlackElo "1542"]
[WhiteClock "00:23:40"]
[BlackClock "01:04:28"]
[WhiteTeam "Hamburger SK 1830"]
[BlackTeam "SG Königskinder Hohentübingen"]
[PlyCount "52"]
[WhiteFideId "16287347"]
[BlackFideId "13809571"]
[EventCountry "GER"]
[EventRounds "7"]
[EventType "team-swiss"]
[EventDate "2023.12.26"]

1. e4 {[%clk 01:30:58]} {[%emt 00:00:01]} c5 {[%clk 01:30:55]} {[%emt
00:00:05]} 2. Nf3 {[%clk 01:31:21]} {[%emt 00:00:08]} e6 {[%clk 01:31:16]}
{[%emt 00:00:09]} 3. d4 {[%clk 01:31:42]} {[%emt 00:00:09]} cxd4 {[%clk
01:31:05]} {[%emt 00:00:41]} 4. Nxd4 {[%clk 01:31:53]} {[%emt 00:00:18]} Nf6
{[%clk 01:31:20]} {[%emt 00:00:15]} 5. Nc3 {[%clk 01:32:05]} {[%emt 00:00:18]}
Nc6 {[%clk 01:31:45]} {[%emt 00:00:06]} 6. Ndb5 {[%clk 01:32:14]} {[%emt
00:00:21]} Bc5 {[%clk 01:32:01]} {[%emt 00:00:13]} 7. Bf4 {[%clk 01:32:26]}
{[%emt 00:00:19]} O-O {[%clk 01:32:19]} {[%emt 00:00:11]} 8. Bc7 {[%clk
01:28:32]} {[%emt 00:04:24]} Qe7 {[%clk 01:29:06]} {[%emt 00:03:43]} 9. Bd6
{[%clk 01:28:13]} {[%emt 00:00:49]} Bxd6 {[%clk 01:29:12]} {[%emt 00:00:24]}
10. Qxd6 {[%clk 01:28:18]} {[%emt 00:00:26]} Ne8 {[%clk 01:26:54]} {[%emt
00:02:46]} 11. Qxe7 {[%clk 01:26:19]} {[%emt 00:02:30]} Nxe7 {[%clk 01:27:12]}
{[%emt 00:00:13]} 12. O-O-O {[%clk 01:26:31]} {[%emt 00:00:18]} f5 {[%clk
01:26:40]} {[%emt 00:01:01]} 13. f3 {[%clk 01:18:22]} {[%emt 00:08:40]} a6
{[%clk 01:22:51]} {[%emt 00:04:19]} 14. Nd6 {[%clk 01:14:44]} {[%emt 00:04:08]}
Nxd6 {[%clk 01:21:31]} {[%emt 00:01:49]} 15. Rxd6 {[%clk 01:14:55]} {[%emt
00:00:20]} fxe4 {[%clk 01:21:40]} {[%emt 00:00:21]} 16. fxe4 {[%clk 01:14:47]}
{[%emt 00:00:38]} b5 {[%clk 01:16:19]} {[%emt 00:05:51]} 17. Bd3 {[%clk
01:01:06]} {[%emt 00:14:10]} Ng6 {[%clk 01:14:18]} {[%emt 00:02:31]} 18. a4
{[%clk 00:50:32]} {[%emt 00:11:04]} Ne5 {[%clk 01:12:13]} {[%emt 00:02:35]} 19.
axb5 {[%clk 00:47:09]} {[%emt 00:03:52]} Nxd3+ {[%clk 01:11:22]} {[%emt
00:01:22]} 20. cxd3 {[%clk 00:45:11]} {[%emt 00:02:28]} axb5 {[%clk 01:11:40]}
{[%emt 00:00:12]} 21. e5 {[%clk 00:34:42]} {[%emt 00:11:00]} b4 {[%clk
01:10:52]} {[%emt 00:01:18]} 22. Nb1 {[%clk 00:34:20]} {[%emt 00:00:51]} Rf2
{[%clk 01:09:24]} {[%emt 00:01:58]} 23. Rb6 {[%clk 00:32:15]} {[%emt 00:02:34]}
Ba6 {[%clk 01:04:23]} {[%emt 00:05:31]} 24. d4 {[%clk 00:30:16]} {[%emt
00:02:29]} Bd3 {[%clk 01:04:36]} {[%emt 00:00:17]} 25. Rxb4 {[%clk 00:25:01]}
{[%emt 00:05:45]} Ra1 {[%clk 01:04:08]} {[%emt 00:00:59]} 26. Rb3 {[%clk
00:23:40]} {[%emt 00:01:51]} Rxb1# {[%clk 01:04:28]} {[%emt 00:00:09]} 0-1

[Event "DVM U16w 2023"]
[Site "Magdeburg GER"]
[Date "2023.12.28"]
[Round "3"]
[White "Luzgina, Anastasiia"]
[Black "Einacker, Anika"]
[Result "1/2-1/2"]
[Termination "normal"]
[Board "3.4"]
[WhiteElo "1362"]
[BlackElo "1211"]
[WhiteClock "00:07:35"]
[BlackClock "00:08:53"]
[WhiteTeam "SG Königskinder Hohentübingen"]
[BlackTeam "Hamburger SK 1830"]
[PlyCount "70"]
[WhiteFideId "24280860"]
[BlackFideId "34620591"]
[EventCountry "GER"]
[EventRounds "7"]
[EventType "team-swiss"]
[EventDate "2023.12.26"]

1. d4 {[%clk 01:30:57]} {[%emt 00:00:02]} d5 {[%clk 01:30:53]} {[%emt
00:00:08]} 2. c4 {[%clk 01:31:19]} {[%emt 00:00:08]} e6 {[%clk 01:31:17]}
{[%emt 00:00:06]} 3. Nf3 {[%clk 01:31:41]} {[%emt 00:00:07]} Nf6 {[%clk
01:31:38]} {[%emt 00:00:10]} 4. Bg5 {[%clk 01:32:00]} {[%emt 00:00:10]} Be7
{[%clk 01:31:49]} {[%emt 00:00:20]} 5. e3 {[%clk 01:32:23]} {[%emt 00:00:07]}
O-O {[%clk 01:31:45]} {[%emt 00:00:33]} 6. Bd3 {[%clk 01:32:36]} {[%emt
00:00:16]} h6 {[%clk 01:30:56]} {[%emt 00:01:20]} 7. Bh4 {[%clk 01:32:22]}
{[%emt 00:00:43]} b6 {[%clk 01:28:30]} {[%emt 00:02:58]} 8. Nc3 {[%clk
01:32:29]} {[%emt 00:00:22]} Bb7 {[%clk 01:27:10]} {[%emt 00:01:51]} 9. O-O
{[%clk 01:32:44]} {[%emt 00:00:15]} Nbd7 {[%clk 01:23:20]} {[%emt 00:04:20]}
10. Rc1 {[%clk 01:31:38]} {[%emt 00:01:35]} c5 {[%clk 01:17:37]} {[%emt
00:06:13]} 11. Qe2 {[%clk 01:20:33]} {[%emt 00:11:34]} Rc8 {[%clk 01:13:26]}
{[%emt 00:04:42]} 12. Rc2 {[%clk 01:20:37]} {[%emt 00:00:26]} cxd4 {[%clk
01:05:12]} {[%emt 00:08:45]} 13. Nxd4 {[%clk 01:17:20]} {[%emt 00:03:46]} Ne5
{[%clk 01:02:09]} {[%emt 00:03:34]} 14. cxd5 {[%clk 01:16:39]} {[%emt
00:01:10]} Bxd5 {[%clk 00:56:20]} {[%emt 00:06:19]} 15. Nxd5 {[%clk 01:16:00]}
{[%emt 00:01:10]} Nxd5 {[%clk 00:55:52]} {[%emt 00:00:58]} 16. Rxc8 {[%clk
01:12:31]} {[%emt 00:03:58]} Qxc8 {[%clk 00:55:58]} {[%emt 00:00:25]} 17. Bxe7
{[%clk 01:12:39]} {[%emt 00:00:22]} Nxe7 {[%clk 00:56:00]} {[%emt 00:00:27]}
18. Ba6 {[%clk 01:10:32]} {[%emt 00:02:34]} Qd7 {[%clk 00:47:22]} {[%emt
00:09:10]} 19. Rd1 {[%clk 00:58:13]} {[%emt 00:12:49]} Qa4 {[%clk 00:42:39]}
{[%emt 00:05:14]} 20. b3 {[%clk 00:54:00]} {[%emt 00:04:43]} Qa5 {[%clk
00:41:57]} {[%emt 00:01:12]} 21. f4 {[%clk 00:53:22]} {[%emt 00:01:08]} N5c6
{[%clk 00:39:46]} {[%emt 00:02:41]} 22. Nxc6 {[%clk 00:23:58]} {[%emt
00:29:53]} Nxc6 {[%clk 00:40:04]} {[%emt 00:00:13]} 23. Qc4 {[%clk 00:24:08]}
{[%emt 00:00:17]} Qxa2 {[%clk 00:34:53]} {[%emt 00:05:44]} 24. Rd7 {[%clk
00:22:19]} {[%emt 00:02:16]} Na5 {[%clk 00:29:14]} {[%emt 00:06:12]} 25. Qc7
{[%clk 00:21:23]} {[%emt 00:01:24]} Nxb3 {[%clk 00:21:23]} {[%emt 00:08:23]}
26. Qxa7 {[%clk 00:18:23]} {[%emt 00:03:29]} Nc5 {[%clk 00:20:05]} {[%emt
00:01:49]} 27. Bf1 {[%clk 00:17:54]} {[%emt 00:00:58]} Qxa7 {[%clk 00:17:34]}
{[%emt 00:03:02]} 28. Rxa7 {[%clk 00:18:15]} {[%emt 00:00:08]} Rb8 {[%clk
00:17:23]} {[%emt 00:00:41]} 29. Bb5 {[%clk 00:17:28]} {[%emt 00:01:14]} Ne4
{[%clk 00:16:32]} {[%emt 00:01:23]} 30. Kf1 {[%clk 00:11:39]} {[%emt 00:06:19]}
g5 {[%clk 00:14:41]} {[%emt 00:02:22]} 31. Bc6 {[%clk 00:10:23]} {[%emt
00:01:45]} Nd6 {[%clk 00:13:20]} {[%emt 00:01:52]} 32. Ke2 {[%clk 00:10:30]}
{[%emt 00:00:22]} Kg7 {[%clk 00:12:32]} {[%emt 00:01:21]} 33. Rd7 {[%clk
00:08:53]} {[%emt 00:02:05]} Nc4 {[%clk 00:10:24]} {[%emt 00:02:36]} 34. Kd3
{[%clk 00:07:43]} {[%emt 00:01:42]} Na5 {[%clk 00:10:01]} {[%emt 00:00:52]} 35.
Bb5 {[%clk 00:07:35]} {[%emt 00:00:37]} Nb7 {[%clk 00:08:53]} {[%emt 00:01:42]}
*

[Event "DVM U16w 2023"]
[Site "Magdeburg GER"]
[Date "2023.12.28"]
[Round "3"]
[White "Fock, Madiha"]
[Black "Henzel, Leonie"]
[Result "1-0"]
[Termination "normal"]
[Board "4.2"]
[WhiteElo "1697"]
[BlackElo "1247"]
[WhiteClock "00:40:13"]
[BlackClock "00:40:00"]
[WhiteTeam "TSG Oberschöneweide"]
[BlackTeam "SchachAkademiePaderborn"]
[PlyCount "63"]
[WhiteFideId "16253574"]
[BlackFideId "34605720"]
[EventCountry "GER"]
[EventRounds "7"]
[EventType "team-swiss"]
[EventDate "2023.12.26"]

1. e4 {[%clk 01:30:58]} {[%emt 00:00:01]} e6 {[%clk 01:30:53]} {[%emt
00:00:08]} 2. d4 {[%clk 01:31:21]} {[%emt 00:00:07]} d5 {[%clk 01:31:09]}
{[%emt 00:00:14]} 3. Nd2 {[%clk 01:31:45]} {[%emt 00:00:05]} Bd7 {[%clk
01:27:08]} {[%emt 00:04:32]} 4. Bd3 {[%clk 01:28:53]} {[%emt 00:03:22]} Nc6
{[%clk 01:21:33]} {[%emt 00:06:06]} 5. Ngf3 {[%clk 01:24:50]} {[%emt 00:04:32]}
Nb4 {[%clk 01:17:06]} {[%emt 00:04:55]} 6. Be2 {[%clk 01:22:55]} {[%emt
00:02:26]} Nf6 {[%clk 01:15:14]} {[%emt 00:02:22]} 7. e5 {[%clk 01:22:21]}
{[%emt 00:01:06]} Ne4 {[%clk 01:11:38]} {[%emt 00:04:03]} 8. c3 {[%clk
01:19:04]} {[%emt 00:03:49]} Nxd2 {[%clk 01:10:04]} {[%emt 00:02:04]} 9. Qxd2
{[%clk 01:15:57]} {[%emt 00:03:36]} Nc6 {[%clk 01:08:52]} {[%emt 00:01:43]} 10.
Qf4 {[%clk 01:13:33]} {[%emt 00:02:53]} Be7 {[%clk 01:07:04]} {[%emt 00:02:19]}
11. Qg3 {[%clk 01:12:19]} {[%emt 00:01:43]} Rg8 {[%clk 01:04:06]} {[%emt
00:03:29]} 12. Bd3 {[%clk 01:11:00]} {[%emt 00:01:49]} g5 {[%clk 01:01:45]}
{[%emt 00:02:50]} 13. Bxh7 {[%clk 01:09:23]} {[%emt 00:02:07]} Rg7 {[%clk
01:01:23]} {[%emt 00:00:51]} 14. Bd3 {[%clk 01:08:30]} {[%emt 00:01:25]} g4
{[%clk 01:00:00]} {[%emt 00:01:53]} 15. Bh6 {[%clk 01:08:24]} {[%emt 00:00:36]}
Rg5 {[%clk 00:54:48]} {[%emt 00:05:42]} 16. Bxg5 {[%clk 01:06:35]} {[%emt
00:02:19]} gxf3 {[%clk 00:51:50]} {[%emt 00:03:28]} 17. Bxe7 {[%clk 01:06:32]}
{[%emt 00:00:33]} Qxe7 {[%clk 00:52:07]} {[%emt 00:00:13]} 18. Qxf3 {[%clk
01:04:45]} {[%emt 00:02:17]} O-O-O {[%clk 00:52:24]} {[%emt 00:00:13]} 19.
O-O-O {[%clk 01:04:00]} {[%emt 00:01:15]} Rf8 {[%clk 00:52:42]} {[%emt
00:00:12]} 20. h4 {[%clk 01:03:08]} {[%emt 00:01:21]} f6 {[%clk 00:52:55]}
{[%emt 00:00:17]} 21. exf6 {[%clk 01:02:46]} {[%emt 00:00:52]} Rxf6 {[%clk
00:52:59]} {[%emt 00:00:26]} 22. Qe3 {[%clk 01:01:47]} {[%emt 00:01:29]} e5
{[%clk 00:52:14]} {[%emt 00:01:16]} 23. dxe5 {[%clk 01:01:23]} {[%emt
00:00:53]} Nxe5 {[%clk 00:51:41]} {[%emt 00:01:03]} 24. Bc2 {[%clk 01:00:47]}
{[%emt 00:01:06]} Qd6 {[%clk 00:51:23]} {[%emt 00:00:48]} 25. Qxa7 {[%clk
00:58:55]} {[%emt 00:02:23]} c6 {[%clk 00:50:34]} {[%emt 00:01:19]} 26. Qa8+
{[%clk 00:56:25]} {[%emt 00:03:00]} Kc7 {[%clk 00:50:47]} {[%emt 00:00:17]} 27.
Qa5+ {[%clk 00:56:03]} {[%emt 00:00:51]} Kc8 {[%clk 00:50:53]} {[%emt
00:00:25]} 28. Qb6 {[%clk 00:54:07]} {[%emt 00:02:26]} Ng4 {[%clk 00:50:11]}
{[%emt 00:01:05]} 29. Rd4 {[%clk 00:40:13]} {[%emt 00:14:31]} Rxf2 {[%emt
00:01:47]} 30. Ra4 {[%emt 00:00:27]} Qh6+ {[%clk 00:41:15]} {[%emt 00:07:10]}
31. Kb1 {[%clk 00:40:02]} {[%emt 00:00:43]} Be6 {[%clk 00:40:00]} {[%emt
00:01:45]} 32. Ra8+ {[%clk 00:40:13]} {[%emt 00:00:19]} 1-0

[Event "DVM U16w 2023"]
[Site "Magdeburg GER"]
[Date "2023.12.28"]
[Round "3"]
[White "Gruber, Florentine"]
[Black "Yamshchikova, Alisa"]
[Result "0-1"]
[Termination "normal"]
[Board "4.3"]
[WhiteElo "1168"]
[BlackElo "1323"]
[WhiteClock "00:06:55"]
[BlackClock "00:37:28"]
[WhiteTeam "SchachAkademiePaderborn"]
[BlackTeam "TSG Oberschöneweide"]
[PlyCount "84"]
[WhiteFideId "34605711"]
[BlackFideId "34135790"]
[EventCountry "GER"]
[EventRounds "7"]
[EventType "team-swiss"]
[EventDate "2023.12.26"]

1. d4 {[%clk 01:30:59]} {[%emt 00:00:01]} d5 {[%clk 01:30:53]} {[%emt
00:00:07]} 2. Nf3 {[%clk 01:31:21]} {[%emt 00:00:08]} Nf6 {[%clk 01:31:16]}
{[%emt 00:00:06]} 3. g3 {[%clk 01:31:46]} {[%emt 00:00:06]} e6 {[%clk
01:31:19]} {[%emt 00:00:27]} 4. Bg2 {[%clk 01:32:09]} {[%emt 00:00:06]} c5
{[%clk 01:31:36]} {[%emt 00:00:14]} 5. O-O {[%clk 01:32:24]} {[%emt 00:00:15]}
Nc6 {[%clk 01:31:47]} {[%emt 00:00:18]} 6. b3 {[%clk 01:31:38]} {[%emt
00:01:17]} Be7 {[%clk 01:32:04]} {[%emt 00:00:12]} 7. c4 {[%clk 01:31:35]}
{[%emt 00:00:33]} dxc4 {[%clk 01:31:56]} {[%emt 00:00:39]} 8. bxc4 {[%clk
01:28:21]} {[%emt 00:03:44]} cxd4 {[%clk 01:32:19]} {[%emt 00:00:06]} 9. Bb2
{[%clk 01:25:21]} {[%emt 00:03:31]} e5 {[%clk 01:31:44]} {[%emt 00:01:05]} 10.
Qa4 {[%clk 01:24:03]} {[%emt 00:01:48]} O-O {[%clk 01:31:40]} {[%emt 00:00:34]}
11. Rd1 {[%clk 01:23:13]} {[%emt 00:01:19]} Qc7 {[%clk 01:31:20]} {[%emt
00:00:50]} 12. Na3 {[%clk 01:18:42]} {[%emt 00:05:01]} a6 {[%clk 01:30:44]}
{[%emt 00:01:07]} 13. Rac1 {[%clk 01:15:51]} {[%emt 00:03:20]} Be6 {[%clk
01:28:37]} {[%emt 00:02:37]} 14. Ng5 {[%clk 01:10:49]} {[%emt 00:05:32]} Bf5
{[%clk 01:26:32]} {[%emt 00:02:33]} 15. c5 {[%clk 01:06:02]} {[%emt 00:05:20]}
h6 {[%clk 01:23:44]} {[%emt 00:03:18]} 16. Nf3 {[%clk 01:01:56]} {[%emt
00:04:36]} Ne4 {[%clk 01:22:15]} {[%emt 00:01:59]} 17. Qc4 {[%clk 00:51:14]}
{[%emt 00:11:08]} Nxc5 {[%clk 01:21:16]} {[%emt 00:01:32]} 18. Nh4 {[%clk
00:42:48]} {[%emt 00:08:56]} Be6 {[%clk 01:16:53]} {[%emt 00:04:54]} 19. Qc2
{[%clk 00:41:13]} {[%emt 00:02:04]} Bxa2 {[%clk 01:16:59]} {[%emt 00:00:24]}
20. Qf5 {[%clk 00:33:14]} {[%emt 00:08:28]} Bb3 {[%clk 01:15:32]} {[%emt
00:01:58]} 21. Rf1 {[%clk 00:32:16]} {[%emt 00:01:28]} Na4 {[%clk 01:09:49]}
{[%emt 00:06:12]} 22. Qb1 {[%clk 00:27:21]} {[%emt 00:05:26]} Bg5 {[%clk
01:03:08]} {[%emt 00:07:12]} 23. Bxd4 {[%clk 00:22:52]} {[%emt 00:04:58]} Bxc1
{[%clk 01:03:26]} {[%emt 00:00:12]} 24. Rxc1 {[%clk 00:22:54]} {[%emt
00:00:26]} exd4 {[%clk 01:03:17]} {[%emt 00:00:41]} 25. Qxb3 {[%clk 00:23:07]}
{[%emt 00:00:16]} Nc3 {[%clk 01:03:34]} {[%emt 00:00:13]} 26. Kf1 {[%clk
00:22:30]} {[%emt 00:01:08]} Qe7 {[%clk 01:00:37]} {[%emt 00:03:27]} 27. e3
{[%clk 00:19:53]} {[%emt 00:03:08]} Na5 {[%clk 01:00:37]} {[%emt 00:00:28]} 28.
Qb2 {[%clk 00:18:58]} {[%emt 00:01:26]} Na4 {[%clk 00:57:41]} {[%emt 00:03:26]}
29. Nf5 {[%clk 00:15:23]} {[%emt 00:04:04]} Qxe3 {[%clk 00:54:37]} {[%emt
00:03:35]} 30. fxe3 {[%clk 00:14:18]} {[%emt 00:01:35]} Nxb2 {[%clk 00:54:40]}
{[%emt 00:00:27]} 31. Nxd4 {[%clk 00:14:21]} {[%emt 00:00:27]} Nd3 {[%clk
00:51:21]} {[%emt 00:03:49]} 32. Rc3 {[%clk 00:14:11]} {[%emt 00:00:40]} Nb4
{[%clk 00:51:17]} {[%emt 00:00:32]} 33. Rc5 {[%clk 00:13:48]} {[%emt 00:00:54]}
Nac6 {[%clk 00:49:30]} {[%emt 00:02:18]} 34. Nf5 {[%clk 00:12:07]} {[%emt
00:02:11]} Rfd8 {[%clk 00:48:07]} {[%emt 00:01:52]} 35. Rc1 {[%clk 00:11:31]}
{[%emt 00:01:07]} h5 {[%clk 00:43:47]} {[%emt 00:04:50]} 36. Ke2 {[%clk
00:09:39]} {[%emt 00:02:22]} a5 {[%clk 00:43:36]} {[%emt 00:00:41]} 37. h3
{[%clk 00:08:56]} {[%emt 00:01:12]} Rd3 {[%clk 00:38:37]} {[%emt 00:05:28]} 38.
Bxc6 {[%clk 00:07:09]} {[%emt 00:02:19]} bxc6 {[%clk 00:38:34]} {[%emt
00:00:33]} 39. Nc2 {[%clk 00:06:42]} {[%emt 00:00:58]} Rc3 {[%clk 00:36:29]}
{[%emt 00:02:33]} 40. Kd2 {[%clk 00:06:16]} {[%emt 00:00:55]} Rxc2+ {[%clk
00:36:54]} {[%emt 00:00:07]} 41. Rxc2 {[%clk 00:06:33]} {[%emt 00:00:13]} Nxc2
{[%clk 00:37:22]} {[%emt 00:00:02]} 42. Kxc2 {[%clk 00:06:55]} {[%emt
00:00:08]} f6 {[%clk 00:37:28]} {[%emt 00:00:24]} 0-1